00900nam a2200241 i 4500001001000000003000900010005001700019008004100036040003000077082001900107110009700126245004600223260009200269300002500361336002700386337003300413338002800446590002600474910000700500942001400507952012000521999001700641000047340DO-SdBNP20250116073944.0110325s1951 dr r 000 0 spa d aDO-SdBNPbspacBNPHUerda axxxxbP2952221 aRepública Dominicana.bSecretaría de Estado de Educación, Bellas Artes y Cultos92396510aProgramas del magisterio normal primario  aCiudad Trujillo :bSecretaría de Estado de Educación, Bellas Artes y Cultos,c1951. a51 paginas ;c22 cm. 2rdacontentatextobtxt 2rdamediaasin mediaciónbn 2rdacarrieravolumenbnc aInventariado, 2023/DG aDG 2ddccLBS1 00102ddc51708PD-FaBNPHUbBNPHUcCTd2023-09-11l0oBNPHU PD xxxx P295p2023-5714r2023-09-11w2023-09-11yLBS1 c54666d54666